Groupes de choses : Italie - Statistiques

Statistiques générales
  • Ce quiz a été pris 599 fois
  • Le résultat moyen est 18 sur 34
Statistiques - réponses
Hint Réponse % Correct
Clubs vainqueurs de la Ligue des Champions AC Milan
95%
Pays limitrophes France
95%
Plus grandes îles Sicile
95%
Villes ayant eu le statut de capitale depuis l'unification Rome
93%
Plus grandes îles Sardaigne
93%
Pays limitrophes Suisse
93%
Mers bordant l'Italie Méditerranée
87%
Pays limitrophes Autriche
84%
Clubs vainqueurs de la Ligue des Champions Juventus
82%
Principaux volcans Etna
80%
Pays limitrophes Slovénie
80%
Pays limitrophes Vatican
80%
Pays limitrophes Saint-Marin
79%
Principaux volcans Vésuve
79%
Clubs vainqueurs de la Ligue des Champions Inter
71%
Mers bordant l'Italie Adriatique
70%
Villes ayant eu le statut de capitale depuis l'unification Turin
67%
Villes ayant eu le statut de capitale depuis l'unification Florence
60%
Plus longues rivières
58%
Plus longues rivières Tibre
46%
Sept collines de Rome Palatin
27%
Mers bordant l'Italie Ionienne
24%
Principaux volcans Stromboli
23%
Plus grandes îles Elbe
22%
Mers bordant l'Italie Tyrrhénienne
13%
Sept collines de Rome Capitole
11%
Sept collines de Rome Aventin
10%
Sept collines de Rome Quirinal
9%
Mers bordant l'Italie Ligurienne
8%
Sept collines de Rome Cælius
4%
Sept collines de Rome Esquilin
4%
Sept collines de Rome Viminal
4%
Plus longues rivières Adige
3%
Principaux volcans Vulcano
3%
Aucun quiz correspondant
Distribution des résultats
% des personnes avec chaque résultat
Percentile par nombre de réponses
Votre historique - résultats
Vous n’avez pas pris ce quiz